LEADER 00956nam0-22003371i-450- 001 990003976400403321 005 20100122123817.0 010 $a88-458-0739-8 035 $a000397640 035 $aFED01000397640 035 $a(Aleph)000397640FED01 035 $a000397640 100 $a20031031d2003----km-y0itay50------ba 101 0 $aita 102 $aIT 200 1 $aStatistica annuale della produzione industriale$eanno 2000$fIstituto Italiano di Statistica 210 $aRoma$cIstat$d2003 215 $a30 p.$d30 cm$e1 floppy disk 225 1 $aInformazioni$fIstat$v1 610 0 $aItalia$aindustria$ainchieste 676 $a306.8 710 01$aIstat$0374421 801 0$aIT$bUNINA$gRICA$2UNIMARC 901 $aBK 912 $a990003976400403321 952 $aCDI-I-01-03-2$b9587$fMAS 952 $a62 31(05)$fDAGEA 959 $aMAS 959 $aDAGEA 996 $aStatistica annuale della produzione industriale$9454572 997 $aUNINA LEADER 01894 am 2200565 n 450 001 9910137019203321 005 20141015 010 $a2-940549-97-4 024 7 $a10.4000/books.iheid.4527 035 $a(CKB)3710000000733650 035 $a(FrMaCLE)OB-iheid-4527 035 $a(oapen)https://directory.doabooks.org/handle/20.500.12854/52112 035 $a(PPN)198368194 035 $a(EXLCZ)993710000000733650 100 $a20160622j|||||||| ||| 0 101 0 $afre 135 $auu||||||m|||| 181 $ctxt$2rdacontent 182 $cc$2rdamedia 183 $acr$2rdacarrier 200 12$aL?ambivalence de la production $eLogiques communautaires et logique capitaliste /$fAntoine Brawand, Yvonne Preiswerk, Danielle Provansal, Fabrizio Sabelli, Laurence Wilhelm 210 $aGenève $cGraduate Institute Publications$d2014 215 $a1 online resource (301 p.) 606 $aHumanities, Multidisciplinary 606 $aEconomics (General) 606 $aanthropologie économique 606 $acommunautarisme 606 $acapitalisme 610 $aanthropologie économique 610 $acommunautarisme 610 $acapitalisme 615 4$aHumanities, Multidisciplinary 615 4$aEconomics (General) 615 4$aanthropologie économique 615 4$acommunautarisme 615 4$acapitalisme 700 $aBerthoud$b Gérald$0496472 701 $aBusino$b Giovanni$0118231 701 $aPerson$b Yves$0242710 701 $aSabelli$b Fabrizio$0280382 701 $aBrawand$b Antoine$01287967 701 $aPreiswerk$b Yvonne$01234769 701 $aProvansal$b Danielle$01289265 701 $aSabelli$b Fabrizio$0280382 701 $aWilhelm$b Laurence$01289266 801 0$bFR-FrMaCLE 906 $aBOOK 912 $a9910137019203321 996 $aL?ambivalence de la production$93021161 997 $aUNINA LEADER 03704nam 2200577Ia 450 001 9910139755303321 005 20200520144314.0 010 $a88-470-1427-1 024 7 $a10.1007/978-88-470-1427-5 035 $a(CKB)1000000000785037 035 $a(EBL)478157 035 $a(OCoLC)814436913 035 $a(SSID)ssj0000716632 035 $a(PQKBManifestationID)11411353 035 $a(PQKBTitleCode)TC0000716632 035 $a(PQKBWorkID)10718736 035 $a(PQKB)11062729 035 $a(DE-He213)978-88-470-1427-5 035 $a(MiAaPQ)EBC478157 035 $a(PPN)139952004 035 $a(EXLCZ)991000000000785037 100 $a20090813d2009 uy 0 101 0 $aita 135 $aur|n|---||||| 181 $ctxt 182 $cc 183 $acr 200 10$aProtocolli di studio in TC spirale multistrato$b[electronic resource] $eVolume 4$iNeuro /$fAlessandro Bozzao 205 $a1st ed. 2009. 210 $aMilano $cSpringer$d2009 215 $a1 online resource (57 p.) 225 1 $aProtocolli di studio in TC spirale multistrato ;$v4 300 $aDescription based upon print version of record. 311 $a88-470-1426-3 320 $aIncludes bibliographical references. 327 $aNozioni Tecniche di Base -- Introduzione -- Protocolli di Scansione -- Aneurisma in emorragia subaracnoidea -- Occlusione acuta dell?arteria cerebrale media -- Aneurisma occasionale -- Arteria lusoria -- Malformazione artero-venosa in paziente con emorragia cerebellare acuta -- Stenosi pre-occlusiva acuta dell?arteria cerebrale media di destra -- Trombosi acuta del seno trasverso di sinistra -- Trombosi acuta della vena rolandica di destra -- Aneurisma occasionale dell?arteria comunicante posteriore -- Aneurismi occasionali -- Occlusione acuta dei rami frontali dell?arteria cerebrale media -- Occlusione acuta dell?arteria cerebrale media -- Malformazione artero-venosa -- Malattia di Moya-Moya -- Aneurismi multipli in emorragia subaracnoidea -- Fistola artero-venosa durale -- Lesioni post-traumatiche delle arterie carotidi interne -- Stenosi pre-occlusiva dell?arteria basilare -- Stenosi pre-occlusiva delle arterie vertebrali -- Valutazione di stent carotideo -- Trombosi acuta dell?apice dell?arteria basilare -- Trombosi acuta del seno longitudinale superiore -- Malformazione artero-venosa in paziente con emorragia intraventricolare acuta. 330 $aL?impiego routinario delle apparecchiature TC spirale multistrato, pone nuove indicazioni nella valutazione del paziente con patologia neurologica, specie in condizioni di urgenza. Tali informazioni necessitano tuttavia di conoscenze dettagliate sull?anatomia e sulla fisiopatologia delle condizioni morbose che possono portare il paziente a tale accertamento. È necessario pertanto familiarizzarsi con condizioni patologiche meno note e avere la pazienza di dedicarsi in prima persona all?elaborazione di queste affascinanti immagini. Lo scopo di questa presentazione è fornire semplici suggerimenti tecnici ed esporre alcuni casi di comune riscontro nella pratica quotidiana che possano essere di ausilio a chi si è da poco avvicinato all?angio-TC cerebrale. 410 0$aProtocolli di studio in TC spirale multistrato ;$v4 606 $aSpiral computed tomography 606 $aRadiography, Medical 615 0$aSpiral computed tomography. 615 0$aRadiography, Medical. 676 $a616.07/5722 700 $aBozzao$b Alessandro$0730124 801 0$bMiAaPQ 801 1$bMiAaPQ 801 2$bMiAaPQ 906 $aBOOK 912 $a9910139755303321 996 $aProtocolli di studio in TC spirale multistrato$92437078 997 $aUNINA